000 00304nam a22001337a 4500
008 180903b xxu||||| |||| 00| 0 eng d
020 _a0891181296
041 _aeng
080 _a574
100 _a10
101 _aMJE
245 _aPasture and Forage Crop Pathology
_cChakraborty, S
942 _2udc
_cBK
999 _c47485
_d47485